The Biggest and Best Countries by Numbers - Statistics

General Stats
  • This quiz has been taken 693 times
    656 since last reset
  • The average score is 7 of 10
Answer Stats
Which Country is/has... Value Country % Correct
Highest Population 1,376,830,000 China
99%
Highest Land Area 16,377,742 km² Russia
92%
Longest Coastline 202,080 km Canada
84%
Greatest Wine Producer 4,293,466 tonnes per year France
83%
Longest Life Expectancy 84 Japan
83%
Most Densely Populated 15254 per km² Monaco
66%
Highest Birth Rate 46.12 per 1000 Niger
65%
Happiest UN Score: 7.526 Denmark
60%
Highest % of Population use the Internet 96.55% Iceland
38%
Highest Death Rate 14.89 per 1000 Lesotho
16%
No matching quizzes found
Score Distribution
Percent of People with Each Score
Percentile by Number Answered
Your Score History
You have not taken this quiz since the last reset